| 000 | 01236nam a2200349 i 4500 | ||
|---|---|---|---|
| 001 | 13394 | ||
| 003 | KOSZ 005 | ||
| 005 | 20200730102732.0 | ||
| 008 | 080620s1964 pl a f 000 0 pol | ||
| 015 | _aPB 1964/2935 | ||
| 035 | _a(OCoLC)832336084 | ||
| 040 |
_aWA N _cWA N _dKOSZ 005/KK |
||
| 080 | _a930.85(09):28(09):322(09) | ||
| 100 | 1 |
_aKozakiewicz, Mikołaj _d(1923-1998). _eAutor. |
|
| 245 | 1 | 0 |
_aO tolerancji i swobodzie sumienia / _cMikołaj Kozakiewicz. |
| 250 | _aWydanie 2 poprawione | ||
| 260 |
_aWarszawa : _b"Książka i Wiedza", _c1964. |
||
| 300 |
_a90, [5] stron : _bilustracje ; _c18 cm. |
||
| 336 |
_2rdacontent _aTekst _btxt |
||
| 337 |
_2rdamedia _aBez urządzenia pośredniczącego _bn |
||
| 338 |
_2rdacarrier _aWolumin _bnc |
||
| 380 | _aKsiążki. | ||
| 490 | 1 | _aBiblioteczka Fi. | |
| 650 | 4 | _aTolerancja religijna | |
| 658 | _aReligia i duchowość | ||
| 658 | _aFilozofia i etyka | ||
| 650 | 4 | _aWolność sumienia | |
| 710 | 2 |
_aSpółdzielnia Wydawniczo-Handlowa "Książka i Wiedza" _4pbl. |
|
| 830 | 0 | _aBiblioteczka Fi. | |
| 856 |
_uhttp://koha.tu.koszalin.pl/cgi-bin/koha/opac-detail.pl?biblionumber=13394 _yKatalog online BPK |
||
| 942 |
_2UKD _cKS |
||
| 999 |
_c13394 _d13394 |
||